[Event "Madrid-chT 2223"]
[Site "Madrid"]
[Date "2022.11.27"]
[Round "2.5"]
[White "Aguilera Lopez, Alejandro"]
[Black "Romero Fite, Miguel"]
[Result "0-1"]
[WhiteElo "2189"]
[BlackElo "1985"]
[PlyCount "110"]
[EventDate "2022.11.20"]
[EventType "team-tourn"]
[EventRounds "14"]
[EventCountry "ESP"]
[SourceTitle "Ajedrez en Madrid"]
[Source "lmi"]
[SourceDate "2022.11.21"]
[SourceVersion "1"]
[SourceVersionDate "2023.03.23"]
[SourceQuality "1"]
[WhiteTeam "Alcorcon Diagonal"]
[BlackTeam "San Fernando de Henares"]
[WhiteTeamCountry "ESP"]
[BlackTeamCountry "ESP"]

1. Nf3 d5 2. b3 c5 3. e3 Nf6 4. Bb2 e6 5. d4 Be7 6. Bd3 O-O 7. Nbd2 b6 8. Qe2
a5 9. Ne5 Ba6 10. Bxa6 Nxa6 11. O-O Qc7 12. Rac1 cxd4 13. exd4 Nb4 14. a3 Na2
15. Ra1 Nc3 16. Qd3 Rfc8 17. Rfe1 b5 18. Re3 b4 19. Bxc3 Qxc3 20. Qxc3 Rxc3 21.
Rxc3 bxc3 22. Ndf3 Ne4 23. Kf1 Rc8 24. Ke2 Bd6 25. Nd3 Ra8 26. g3 g5 27. Nfe1
g4 28. f3 gxf3+ 29. Nxf3 Kg7 30. Nf2 f5 31. Nd1 h5 32. Kd3 Rc8 33. Ng1 f4 34.
gxf4 Bxf4 35. h3 Kh6 36. Ne2 Bd2 37. Ng1 Rg8 38. Nf3 Rg3 39. Ke2 Rxh3 40. Nf2
Rg3 41. Nxd2 Nxd2 42. b4 a4 43. b5 Nc4 44. Nd3 Rg2+ 45. Nf2 h4 46. Rh1 Kg5 47.
Rh3 Rg3 48. Rxg3+ hxg3 49. Nd1 Nxa3 50. Nxc3 Nxc2 51. b6 a3 52. Nb5 g2 53. Kf2
a2 54. Kxg2 a1=Q 55. b7 Ne3+ 0-1

[Event "Madrid-chT 2223"]
[Site "Madrid"]
[Date "2022.11.27"]
[Round "2.6"]
[White "Juberias Guillen, Paloma"]
[Black "Rey Martinez, Jaime"]
[Result "0-1"]
[WhiteElo "1853"]
[BlackElo "2148"]
[PlyCount "56"]
[EventDate "2022.11.20"]
[EventType "team-tourn"]
[EventRounds "14"]
[EventCountry "ESP"]
[SourceTitle "Ajedrez en Madrid"]
[Source "lmi"]
[SourceDate "2022.11.21"]
[SourceVersion "1"]
[SourceVersionDate "2023.03.23"]
[SourceQuality "1"]
[WhiteTeam "San Fernando de Henares"]
[BlackTeam "Alcorcon Diagonal"]
[WhiteTeamCountry "ESP"]
[BlackTeamCountry "ESP"]

1. d4 d5 2. c4 dxc4 3. e3 Nf6 4. Bxc4 e6 5. Nf3 c5 6. Nc3 a6 7. a4 cxd4 8. exd4
Nc6 9. O-O Be7 10. Bg5 O-O 11. Rc1 h6 12. Be3 Bd7 13. Qe2 Rc8 14. Rfd1 Nb4 15.
Ne5 Bc6 16. Bf4 Nbd5 17. Bg3 Nxc3 18. bxc3 Bxa4 19. Nxf7 Rxf7 20. Qxe6 Rxc4 21.
Qxc4 Bxd1 22. Rxd1 Qd5 23. Qe2 b5 24. f3 Bd6 25. Bxd6 Qxd6 26. Qa2 Nd5 27. Re1
Kf8 28. c4 Nb4 0-1

[Event "Madrid-chT 2223"]
[Site "Madrid"]
[Date "2022.11.26"]
[Round "2.1"]
[White "Martinez Reyes, Pedro Ramon"]
[Black "Reyes Larena, Juan"]
[Result "1-0"]
[WhiteElo "2384"]
[BlackElo "2443"]
[PlyCount "59"]
[EventDate "2022.11.20"]
[EventType "team-tourn"]
[EventRounds "14"]
[EventCountry "ESP"]
[SourceTitle "Ajedrez en Madrid"]
[Source "lmi"]
[SourceDate "2022.11.21"]
[SourceVersion "1"]
[SourceVersionDate "2023.03.23"]
[SourceQuality "1"]
[WhiteTeam "Blanco y Negro"]
[BlackTeam "San Sebastian de los Reyes"]
[WhiteTeamCountry "ESP"]
[BlackTeamCountry "ESP"]

1. e4 e5 2. Nf3 Nc6 3. Bb5 f5 4. d3 fxe4 5. dxe4 Nf6 6. Qe2 a6 7. Ba4 Bc5 8.
O-O d6 9. Bxc6+ bxc6 10. Qc4 Qe7 11. Be3 Be6 12. Qa4 Bxe3 13. Qxc6+ Kf7 14.
fxe3 h6 15. Nc3 Rab8 16. b3 Rb6 17. Qa4 c6 18. Rad1 Rhb8 19. Qa3 c5 20. Nh4 Kg8
21. Nf5 Bxf5 22. Rxf5 Qb7 23. Nd5 Nxd5 24. exd5 Rb4 25. c4 a5 26. Rdf1 a4 27.
Qb2 axb3 28. axb3 Rxb3 29. Qf2 Rb1 30. Rf8+ 1-0

[Event "Madrid-chT 2223"]
[Site "Madrid"]
[Date "2022.11.26"]
[Round "2.2"]
[White "Alfaya Marcelo, Roberto"]
[Black "Taboas Rodriguez, Daniel"]
[Result "0-1"]
[WhiteElo "2255"]
[BlackElo "2359"]
[PlyCount "62"]
[EventDate "2022.11.20"]
[EventType "team-tourn"]
[EventRounds "14"]
[EventCountry "ESP"]
[SourceTitle "Ajedrez en Madrid"]
[Source "lmi"]
[SourceDate "2022.11.21"]
[SourceVersion "1"]
[SourceVersionDate "2023.03.23"]
[SourceQuality "1"]
[WhiteTeam "San Sebastian de los Reyes"]
[BlackTeam "Blanco y Negro"]
[WhiteTeamCountry "ESP"]
[BlackTeamCountry "ESP"]

1. d4 Nf6 2. c4 g6 3. Nc3 Bg7 4. e4 d6 5. Be2 O-O 6. Be3 Nc6 7. d5 Ne5 8. f4
Ned7 9. Nh3 e6 10. dxe6 fxe6 11. O-O b6 12. Qc2 Bb7 13. Rad1 Qe7 14. Bf3 e5 15.
f5 gxf5 16. exf5 e4 17. Be2 Ne5 18. Nf2 Nf3+ 19. Bxf3 exf3 20. Rfe1 Rae8 21.
Bd2 Qf7 22. g4 Nxg4 23. Nxg4 Qh5 24. Nh6+ Bxh6 25. Bxh6 Rxe1+ 26. Rxe1 Qg4+ 27.
Kf1 Qxc4+ 28. Kf2 Qh4+ 29. Kf1 Ba6+ 30. Ne2 fxe2+ 31. Rxe2 Qxh6 0-1

[Event "Madrid-chT 2223"]
[Site "Madrid"]
[Date "2022.11.26"]
[Round "2.3"]
[White "Hidalgo Duque, Carlos"]
[Black "Martinez Fernandez, Raul"]
[Result "1/2-1/2"]
[WhiteElo "2242"]
[BlackElo "2101"]
[PlyCount "21"]
[EventDate "2022.11.20"]
[EventType "team-tourn"]
[EventRounds "14"]
[EventCountry "ESP"]
[SourceTitle "Ajedrez en Madrid"]
[Source "lmi"]
[SourceDate "2022.11.21"]
[SourceVersion "1"]
[SourceVersionDate "2023.03.23"]
[SourceQuality "1"]
[WhiteTeam "Blanco y Negro"]
[BlackTeam "San Sebastian de los Reyes"]
[WhiteTeamCountry "ESP"]
[BlackTeamCountry "ESP"]

1. Nf3 Nf6 2. c4 e6 3. g3 d5 4. d4 Be7 5. Bg2 O-O 6. O-O dxc4 7. Qc2 b5 8. a4
Bb7 9. axb5 a6 10. bxa6 Nxa6 11. Qxc4 1/2-1/2

[Event "Madrid-chT 2223"]
[Site "Madrid"]
[Date "2022.11.26"]
[Round "2.4"]
[White "Hernandez Ramos, David"]
[Black "Alarcia Astiz, Carlos"]
[Result "0-1"]
[WhiteElo "2091"]
[BlackElo "2239"]
[PlyCount "78"]
[EventDate "2022.11.20"]
[EventType "team-tourn"]
[EventRounds "14"]
[EventCountry "ESP"]
[SourceTitle "Ajedrez en Madrid"]
[Source "lmi"]
[SourceDate "2022.11.21"]
[SourceVersion "1"]
[SourceVersionDate "2023.03.23"]
[SourceQuality "1"]
[WhiteTeam "San Sebastian de los Reyes"]
[BlackTeam "Blanco y Negro"]
[WhiteTeamCountry "ESP"]
[BlackTeamCountry "ESP"]

1. d4 Nf6 2. c4 e6 3. Nc3 d5 4. Nf3 Nbd7 5. Bg5 Be7 6. e3 O-O 7. cxd5 exd5 8.
Bd3 Re8 9. O-O c6 10. Qc2 Nf8 11. Rab1 a5 12. a3 Bd6 13. b4 axb4 14. axb4 Bg4
15. Nd2 Bd7 16. Bf5 g6 17. Bxd7 N8xd7 18. h3 Ra3 19. b5 Qa5 20. Rb3 cxb5 21.
Nxb5 Rxb3 22. Qxb3 Bb4 23. Nf3 Qxb5 24. Rb1 Rc8 25. Bxf6 Nxf6 26. Ne1 Rc4 27.
Nd3 Ne4 28. Qa2 Nc3 29. Qa8+ Kg7 30. Rb2 Qa5 31. Qb8 Bf8 32. Rxb7 Qa1+ 33. Kh2
Ne2 34. Rb1 Bd6+ 35. Qxd6 Qxb1 36. Qe5+ Kh6 37. h4 Qg1+ 38. Kh3 Qh1+ 39. Kg4
Qxg2+ 0-1

[Event "Madrid-chT 2223"]
[Site "Madrid"]
[Date "2022.11.26"]
[Round "2.5"]
[White "Renteria Becerra, Jorge Elicer"]
[Black "Hernandez Ramos, Alberto"]
[Result "1/2-1/2"]
[WhiteElo "2191"]
[BlackElo "2000"]
[PlyCount "108"]
[EventDate "2022.11.20"]
[EventType "team-tourn"]
[EventRounds "14"]
[EventCountry "ESP"]
[SourceTitle "Ajedrez en Madrid"]
[Source "lmi"]
[SourceDate "2022.11.21"]
[SourceVersion "1"]
[SourceVersionDate "2023.03.23"]
[SourceQuality "1"]
[WhiteTeam "Blanco y Negro"]
[BlackTeam "San Sebastian de los Reyes"]
[WhiteTeamCountry "ESP"]
[BlackTeamCountry "ESP"]

1. e4 e5 2. Nf3 Nc6 3. d4 exd4 4. Nxd4 Bc5 5. Nxc6 bxc6 6. Bc4 Qh4 7. Qf3 d5 8.
Bd3 Nf6 9. exd5 Ng4 10. g3 Qe7+ 11. Be3 Nxe3 12. fxe3 Bxe3 13. Qe4 cxd5 14.
Qxd5 Rb8 15. Nd2 O-O 16. Qe4 Qxe4 17. Nxe4 Rxb2 18. Ke2 Bd4 19. Rhb1 Bg4+ 20.
Kd2 Rfb8 21. Rxb2 Rxb2 22. Rf1 Be6 23. Ng5 Bxa2 24. Re1 g6 25. h4 h6 26. Re4
Bc5 27. Re8+ Kg7 28. Ne4 Bb4+ 29. Ke3 Be6 30. Kd4 Be1 31. Re7 Rb7 32. Re8 a5
33. Ra8 Ba2 34. Ke3 Bd5 35. h5 gxh5 36. Ke2 Rb1 37. Ra7 Bxe4 38. Bxe4 Bxg3 39.
Rxa5 h4 40. Kf3 Rf1+ 41. Kg2 Rf4 42. Bd3 Kf6 43. Ra6+ Kg5 44. Rc6 Rf2+ 45. Kg1
f5 46. Rxc7 Rf4 47. Rf7 h5 48. Rxf5+ Rxf5 49. Bxf5 Kxf5 50. c4 h3 51. c5 Bc7
52. c6 h2+ 53. Kg2 h4 54. Kh1 h3 1/2-1/2

[Event "Madrid-chT 2223"]
[Site "Madrid"]
[Date "2022.11.26"]
[Round "2.6"]
[White "Calvo Gutierrez, Hector"]
[Black "Cubillo Muñoz, Miguel"]
[Result "0-1"]
[WhiteElo "1860"]
[BlackElo "2151"]
[PlyCount "90"]
[EventDate "2022.11.20"]
[EventType "team-tourn"]
[EventRounds "14"]
[EventCountry "ESP"]
[SourceTitle "Ajedrez en Madrid"]
[Source "lmi"]
[SourceDate "2022.11.21"]
[SourceVersion "1"]
[SourceVersionDate "2023.03.23"]
[SourceQuality "1"]
[WhiteTeam "San Sebastian de los Reyes"]
[BlackTeam "Blanco y Negro"]
[WhiteTeamCountry "ESP"]
[BlackTeamCountry "ESP"]

1. d4 Nf6 2. c4 g6 3. Nc3 Bg7 4. Nf3 O-O 5. Bg5 d6 6. e3 Nbd7 7. Be2 e5 8. O-O
Re8 9. b4 h6 10. Bxf6 Bxf6 11. Qb3 exd4 12. exd4 c5 13. Rad1 b6 14. Rfe1 Re6
15. Nd5 Bg7 16. Bd3 Rxe1+ 17. Rxe1 cxd4 18. Ne7+ Kf8 19. c5 Ne5 20. Nxe5 dxe5
21. Nxg6+ fxg6 22. Bxg6 Qf6 23. Qd5 Rb8 24. Rxe5 Bd7 25. Qxd7 Qxg6 26. Rf5+ Kg8
27. c6 Qe8 28. Qd5+ Kh8 29. h3 Rd8 30. Qc4 d3 31. c7 d2 32. cxd8=Q Qxd8 33. Rd5
d1=Q+ 34. Rxd1 Qxd1+ 35. Kh2 Qd7 36. Qe4 Qf7 37. Qc2 Qf4+ 38. g3 Qxb4 39. h4 a5
40. Qd3 Qd4 41. Qf5 Qc5 42. Qf7 Qf8 43. Qb7 Qxf2+ 44. Kh3 Qf1+ 45. Kg4 h5+ 0-1

[Event "Madrid-chT 2223"]
[Site "Madrid"]
[Date "2022.12.17"]
[Round "2.2"]
[White "Valles Moreno, Ivan"]
[Black "Alonso Garcia, Aaron"]
[Result "1-0"]
[WhiteElo "2341"]
[BlackElo "2439"]
[PlyCount "135"]
[EventDate "2022.11.20"]
[EventType "team-tourn"]
[EventRounds "14"]
[EventCountry "ESP"]
[SourceTitle "Ajedrez en Madrid"]
[Source "lmi"]
[SourceDate "2022.11.21"]
[SourceVersion "1"]
[SourceVersionDate "2023.03.23"]
[SourceQuality "1"]
[WhiteTeam "Villalba 64"]
[BlackTeam "Collado Villalba"]
[WhiteTeamCountry "ESP"]
[BlackTeamCountry "ESP"]

1. e4 c5 2. Nc3 e6 3. f4 Nc6 4. Nf3 d5 5. Bb5 Nge7 6. exd5 exd5 7. Qe2 Bg4 8.
Bxc6+ bxc6 9. O-O Qd6 10. b3 Qxf4 11. Bb2 f6 12. Rae1 Qd6 13. Na4 Bxf3 14. Rxf3
Kf7 15. Be5 Qe6 16. Nxc5 Qc8 17. Bb2 Ng6 18. Ne6 Qd7 19. Qf2 Kg8 20. Bd4 Re8
21. Rfe3 Bd6 22. Nc5 Bxc5 23. Rxe8+ Kf7 24. Rxh8 Bxd4 25. Qxd4 Nxh8 26. c4 Ng6
27. cxd5 cxd5 28. Rc1 Ne5 29. Rc5 Ke6 30. Ra5 Qc6 31. Qc5 Qxc5+ 32. Rxc5 Kd6
33. Rc8 g6 34. Kf1 f5 35. Ra8 Nc6 36. Rh8 h5 37. Ke2 d4 38. a3 a5 39. Rg8 Ne5
40. d3 Kc5 41. Rb8 Nc6 42. Rb7 Kd6 43. Rb5 h4 44. h3 Ke6 45. b4 axb4 46. axb4
Kd6 47. Rb7 g5 48. b5 Ne5 49. Rg7 g4 50. b6 gxh3 51. gxh3 Nd7 52. b7 Nb8 53.
Kf3 Kc6 54. Kf4 Kb6 55. Kxf5 Ka7 56. Kg4 Nc6 57. Kxh4 Ne5 58. Kg3 Nxd3 59. h4
Nc5 60. Kf3 d3 61. Ke3 Ne6 62. Re7 Nd4 63. Rf7 Nc6 64. h5 Kb8 65. h6 Ne5 66.
Rg7 d2 67. Kxd2 Ka7 68. h7 1-0

[Event "Madrid-chT 2223"]
[Site "Madrid"]
[Date "2022.12.17"]
[Round "2.3"]
[White "Lianes Garcia, Marcos"]
[Black "Sanchez Alvares, Kelvin Antonio"]
[Result "1/2-1/2"]
[WhiteElo "2409"]
[BlackElo "2230"]
[PlyCount "88"]
[EventDate "2022.11.20"]
[EventType "team-tourn"]
[EventRounds "14"]
[EventCountry "ESP"]
[SourceTitle "Ajedrez en Madrid"]
[Source "lmi"]
[SourceDate "2022.11.21"]
[SourceVersion "1"]
[SourceVersionDate "2023.03.23"]
[SourceQuality "1"]
[WhiteTeam "Collado Villalba"]
[BlackTeam "Villalba 64"]
[WhiteTeamCountry "ESP"]
[BlackTeamCountry "ESP"]

1. e4 c5 2. g3 g6 3. Bg2 Bg7 4. Ne2 Nc6 5. O-O e5 6. d3 Nge7 7. Be3 d6 8. c3
O-O 9. d4 exd4 10. cxd4 Bg4 11. f3 Bd7 12. Qd2 cxd4 13. Nxd4 d5 14. Nc3 dxe4
15. Nxe4 Nf5 16. Nxf5 Bxf5 17. Nd6 Qd7 18. Rad1 Rfd8 19. Qf2 Be6 20. Rd2 Qc7
21. Ne4 Bxa2 22. b4 Rxd2 23. Qxd2 Bc4 24. Rc1 Rd8 25. Qc2 b5 26. Bf1 Nxb4 27.
Qb1 Nd5 28. Bf2 f5 29. Nc5 Nc3 30. Qb4 Bxf1 31. Kxf1 Na2 32. Qb3+ Qf7 33. Rd1
Rxd1+ 34. Qxd1 h6 35. Qd8+ Kh7 36. Kg2 b4 37. Qb8 a5 38. Qb5 Qd5 39. h4 g5 40.
h5 b3 41. Qb6 b2 42. Qg6+ Kh8 43. Ne6 Qd7 44. Bd4 Qxd4 1/2-1/2

[Event "Madrid-chT 2223"]
[Site "Madrid"]
[Date "2022.12.17"]
[Round "2.4"]
[White "Perdomo Araujo, Angel Eduardo"]
[Black "Martin Duque, Jesus"]
[Result "1/2-1/2"]
[WhiteElo "2076"]
[BlackElo "2379"]
[PlyCount "133"]
[EventDate "2022.11.20"]
[EventType "team-tourn"]
[EventRounds "14"]
[EventCountry "ESP"]
[SourceTitle "Ajedrez en Madrid"]
[Source "lmi"]
[SourceDate "2022.11.21"]
[SourceVersion "1"]
[SourceVersionDate "2023.03.23"]
[SourceQuality "1"]
[WhiteTeam "Villalba 64"]
[BlackTeam "Collado Villalba"]
[WhiteTeamCountry "ESP"]
[BlackTeamCountry "ESP"]

1. e4 c5 2. Nf3 e6 3. d4 cxd4 4. Nxd4 Nc6 5. Nc3 Qc7 6. Qd3 Nf6 7. Nxc6 dxc6 8.
Qg3 e5 9. Bd2 Be6 10. Bd3 Nh5 11. Qf3 Nf4 12. Bf1 Bc5 13. g3 Ng6 14. h4 O-O-O
15. O-O-O h5 16. Bh3 Kb8 17. Bxe6 fxe6 18. Be3 Bd4 19. Qe2 c5 20. Nb5 Qc6 21.
Nxd4 exd4 22. Bg5 Rd7 23. f4 c4 24. Kb1 Ka8 25. Rhf1 Qb5 26. Rf3 Rc8 27. Ra3
Qc6 28. e5 c3 29. bxc3 dxc3 30. Rb3 Rcc7 31. a3 Rxd1+ 32. Qxd1 Rd7 33. Qe1 Rd2
34. f5 Qd5 35. Rxc3 Rd1+ 36. Bc1 b6 37. Qe2 Qh1 38. fxg6 Rxc1+ 39. Kb2 Rb1+ 40.
Ka2 Ra1+ 41. Kb3 Kb8 42. Qf3 Rb1+ 43. Ka4 Qxf3 44. Rxf3 Kb7 45. Rb3 Re1 46. Rf3
Kc6 47. Rf7 Re4+ 48. Kb3 Re3+ 49. c3 Rxg3 50. Rxg7 a5 51. Rh7 Rxg6 52. Rxh5 Kd5
53. Rh8 Kxe5 54. h5 Rg5 55. Rb8 Rxh5 56. Rxb6 Rh1 57. Rb5+ Kf4 58. Rxa5 e5 59.
Ra8 e4 60. Rf8+ Kg3 61. Kc4 Rd1 62. Rg8+ Kf2 63. Rf8+ Kg3 64. Rg8+ Kf2 65. Rf8+
Kg3 66. Rg8+ Kf2 67. Rf8+ 1/2-1/2

[Event "Madrid-chT 2223"]
[Site "Madrid"]
[Date "2022.12.17"]
[Round "2.5"]
[White "Suarez Uriel, Adrian"]
[Black "Gutierrez Diaz, Pablo"]
[Result "1-0"]
[WhiteElo "2387"]
[BlackElo "1981"]
[PlyCount "123"]
[EventDate "2022.11.20"]
[EventType "team-tourn"]
[EventRounds "14"]
[EventCountry "ESP"]
[SourceTitle "Ajedrez en Madrid"]
[Source "lmi"]
[SourceDate "2022.11.21"]
[SourceVersion "1"]
[SourceVersionDate "2023.03.23"]
[SourceQuality "1"]
[WhiteTeam "Collado Villalba"]
[BlackTeam "Villalba 64"]
[WhiteTeamCountry "ESP"]
[BlackTeamCountry "ESP"]

1. e4 c5 2. Nf3 Nc6 3. d4 cxd4 4. Nxd4 g6 5. Nc3 Bg7 6. Be3 Nf6 7. Bc4 O-O 8.
Bb3 d6 9. f3 Bd7 10. h4 Nxd4 11. Bxd4 b5 12. h5 a5 13. hxg6 hxg6 14. a4 b4 15.
Nd5 Nxd5 16. Bxd5 Rc8 17. Qd2 Rxc2 18. Qxc2 Bxd4 19. O-O-O Qb6 20. Kb1 Bg7 21.
Bb3 Qe3 22. Qd3 Qg5 23. Qd2 Qe5 24. Rhe1 Qg3 25. Ka2 Be5 26. Rh1 Bf4 27. Qe1
Qxe1 28. Rhxe1 Kg7 29. e5 Rh8 30. Rd5 Rh2 31. Rxa5 Rxg2 32. Ra7 Bg3 33. Re4 Bf5
34. Rxb4 Bxe5 35. Bd5 Rd2 36. Rb5 Bd3 37. Rbb7 Bd4 38. Ra8 Kf6 39. f4 g5 40.
fxg5+ Ke5 41. Bxf7 e6 42. Rb4 Bc3 43. Rab8 Bxb4 44. Rxb4 Rg2 45. g6 Bxg6 46.
Bxg6 Rxg6 47. a5 Rg7 48. a6 Ra7 49. Rb6 Kd5 50. b4 e5 51. Kb3 Rh7 52. Rb7 Rh3+
53. Ka4 Rh1 54. Kb5 e4 55. a7 Ra1 56. Re7 e3 57. Kb6 Kd4 58. Re8 d5 59. a8=Q
Rxa8 60. Rxa8 e2 61. Re8 Kd3 62. Kc5 1-0

[Event "Madrid-chT 2223"]
[Site "Madrid"]
[Date "2022.12.11"]
[Round "3.1"]
[White "Candela Perez, Jose"]
[Black "Plazuelo Pascual, Juan"]
[Result "0-1"]
[WhiteElo "2314"]
[BlackElo "2445"]
[PlyCount "44"]
[EventDate "2022.11.20"]
[EventType "team-tourn"]
[EventRounds "14"]
[EventCountry "ESP"]
[SourceTitle "Ajedrez en Madrid"]
[Source "lmi"]
[SourceDate "2022.11.21"]
[SourceVersion "1"]
[SourceVersionDate "2023.03.23"]
[SourceQuality "1"]
[WhiteTeam "Alcala de Henares"]
[BlackTeam "Alcorcon Diagonal"]
[WhiteTeamCountry "ESP"]
[BlackTeamCountry "ESP"]

1. d4 d5 2. c4 e6 3. Nc3 c6 4. Nf3 Nf6 5. Bg5 dxc4 6. e4 b5 7. e5 h6 8. Bh4 g5
9. exf6 gxh4 10. Ne5 Qxf6 11. a4 a6 12. Be2 Nd7 13. O-O Nxe5 14. dxe5 Qxe5 15.
Bf3 Bb7 16. Re1 Qc7 17. Qd4 Rg8 18. axb5 cxb5 19. Nd5 O-O-O 20. Nxc7 Rxd4 21.
Bxb7+ Kxb7 22. Nxa6 Bd6 0-1

[Event "Madrid-chT 2223"]
[Site "Madrid"]
[Date "2022.12.11"]
[Round "3.2"]
[White "Lozano Ramirez, Nestor Favian"]
[Black "Fernandez Lledo, Javier"]
[Result "1/2-1/2"]
[WhiteElo "2231"]
[BlackElo "2273"]
[PlyCount "84"]
[EventDate "2022.11.20"]
[EventType "team-tourn"]
[EventRounds "14"]
[EventCountry "ESP"]
[SourceTitle "Ajedrez en Madrid"]
[Source "lmi"]
[SourceDate "2022.11.21"]
[SourceVersion "1"]
[SourceVersionDate "2023.03.23"]
[SourceQuality "1"]
[WhiteTeam "Alcorcon Diagonal"]
[BlackTeam "Alcala de Henares"]
[WhiteTeamCountry "ESP"]
[BlackTeamCountry "ESP"]

1. c4 e6 2. g3 Nf6 3. Bg2 d5 4. Nf3 Be7 5. O-O O-O 6. b3 c6 7. Bb2 Nbd7 8. d3
b5 9. Nbd2 a5 10. a3 Ba6 11. Qc2 Qb6 12. e4 Rfc8 13. e5 Ne8 14. Rfe1 Nc7 15. h4
Bb7 16. Nf1 a4 17. b4 bxc4 18. dxc4 c5 19. bxc5 Bxc5 20. Ng5 Nf8 21. Rab1 Qa7
22. cxd5 Bxd5 23. Be4 Bxe4 24. Nxe4 Nd5 25. Qe2 Rab8 26. h5 h6 27. Red1 Qe7 28.
Rd3 Nd7 29. Nfd2 Ba7 30. Nf3 Nc5 31. Nxc5 Rxc5 32. Rbd1 Rcb5 33. Bd4 Rb3 34.
Bxa7 Qxa7 35. Qe4 Rxd3 36. Rxd3 Rb1+ 37. Kg2 Rb3 38. Nd4 Rxd3 39. Qxd3 Qc5 40.
Nb5 Kf8 41. Nd6 Nc7 42. Nc4 Qd5+ 1/2-1/2

[Event "Madrid-chT 2223"]
[Site "Madrid"]
[Date "2022.12.11"]
[Round "3.3"]
[White "Medina Diaz, Rafael Alejandro"]
[Black "Cubas Cabrera, Angel Luis"]
[Result "1-0"]
[WhiteElo "2251"]
[BlackElo "2219"]
[PlyCount "71"]
[EventDate "2022.11.20"]
[EventType "team-tourn"]
[EventRounds "14"]
[EventCountry "ESP"]
[SourceTitle "Ajedrez en Madrid"]
[Source "lmi"]
[SourceDate "2022.11.21"]
[SourceVersion "1"]
[SourceVersionDate "2023.03.23"]
[SourceQuality "1"]
[WhiteTeam "Alcala de Henares"]
[BlackTeam "Alcorcon Diagonal"]
[WhiteTeamCountry "ESP"]
[BlackTeamCountry "ESP"]

1. e4 e5 2. Nf3 Nc6 3. Bb5 Nf6 4. d3 Bd6 5. c3 O-O 6. O-O a6 7. Ba4 Re8 8. Re1
Bf8 9. Bg5 h6 10. Bh4 b5 11. Bc2 d6 12. Nbd2 Bb7 13. Nf1 Nb8 14. Ne3 Nbd7 15.
Nd2 g6 16. Qf3 Bg7 17. a4 c6 18. b4 Qc7 19. Bb3 Rf8 20. Ng4 Nxg4 21. Qxg4 Kh7
22. Qf3 f5 23. exf5 Rxf5 24. Qh3 d5 25. Bc2 Rf7 26. Nf3 Re8 27. d4 Bc8 28. Qg3
Re6 29. dxe5 Rxf3 30. gxf3 Bxe5 31. f4 Bxf4 32. Rxe6 Bxg3 33. Bxg3 Qd8 34. Rxg6
Kh8 35. Re1 bxa4 36. Rge6 1-0

[Event "Madrid-chT 2223"]
[Site "Madrid"]
[Date "2022.12.11"]
[Round "3.4"]
[White "Bustos Bernardo, Samuel"]
[Black "Moreno Ibañez, Miguel"]
[Result "1-0"]
[WhiteElo "2189"]
[BlackElo "2242"]
[PlyCount "161"]
[EventDate "2022.11.20"]
[EventType "team-tourn"]
[EventRounds "14"]
[EventCountry "ESP"]
[SourceTitle "Ajedrez en Madrid"]
[Source "lmi"]
[SourceDate "2022.11.21"]
[SourceVersion "1"]
[SourceVersionDate "2023.03.23"]
[SourceQuality "1"]
[WhiteTeam "Alcorcon Diagonal"]
[BlackTeam "Alcala de Henares"]
[WhiteTeamCountry "ESP"]
[BlackTeamCountry "ESP"]

1. Nf3 Nf6 2. c4 b6 3. g3 Bb7 4. Bg2 g6 5. O-O Bg7 6. Nc3 O-O 7. Rb1 c5 8. b4
cxb4 9. Rxb4 Na6 10. Rb1 d5 11. Ne1 Nc5 12. d4 Ne6 13. Nc2 Qd7 14. Ba3 Rac8 15.
Ne3 dxc4 16. d5 Nc5 17. Nxc4 Rfd8 18. Ne3 e6 19. dxe6 Qxe6 20. Qe1 Bxg2 21.
Nxg2 Nfe4 22. Nf4 Qc4 23. Nxe4 Nxe4 24. Bb2 Nd2 25. Rc1 Qxa2 26. Rxc8 Rxc8 27.
Qxd2 Qxb2 28. Qd7 Rf8 29. Qxa7 b5 30. Qb7 Qb3 31. Qe4 Qa4 32. Qc6 Qa5 33. Rb1
b4 34. Nd5 Rb8 35. Qc4 Bf8 36. Nf6+ Kh8 37. Qxf7 Bg7 38. Ne8 Qe5 39. Nxg7 Qxg7
40. Qc4 Qb7 41. Rb3 Qb6 42. Qf7 Qd6 43. Rd3 Qf8 44. Qc4 Qe7 45. Re3 Qb7 46. Qc5
Rc8 47. Qe5+ Kg8 48. Qe6+ Kh8 49. f3 Rb8 50. Qf6+ Kg8 51. Kg2 Qf7 52. Qd6 Rb7
53. Qd8+ Kg7 54. Qd4+ Qf6 55. Qc4 Qf7 56. Qb3 Qxb3 57. Rxb3 Kf6 58. Kf2 Ke5 59.
Ke3 Kd5 60. Kd3 Kc5 61. Kc2 Re7 62. e3 Ra7 63. Kb2 Kc4 64. e4 Rd7 65. Re3 Rd2+
66. Kc1 Rxh2 67. e5 Kd4 68. e6 Kxe3 69. e7 Kxf3 70. e8=Q Kxg3 71. Qb8+ Kg2 72.
Qxb4 Rh5 73. Qg4+ Kf2 74. Kd2 Rd5+ 75. Kc3 Rh5 76. Kd3 Kf1 77. Ke3 Re5+ 78. Kf4
Rh5 79. Qd1+ Kg2 80. Qd2+ Kf1 81. Kg3 1-0

[Event "Madrid-chT 2223"]
[Site "Madrid"]
[Date "2022.12.11"]
[Round "3.5"]
[White "Yañez Rodriguez, Wilbert"]
[Black "Criado De Diego, Pedro"]
[Result "1-0"]
[WhiteElo "2103"]
[BlackElo "2102"]
[PlyCount "65"]
[EventDate "2022.11.20"]
[EventType "team-tourn"]
[EventRounds "14"]
[EventCountry "ESP"]
[SourceTitle "Ajedrez en Madrid"]
[Source "lmi"]
[SourceDate "2022.11.21"]
[SourceVersion "1"]
[SourceVersionDate "2023.03.23"]
[SourceQuality "1"]
[WhiteTeam "Alcala de Henares"]
[BlackTeam "Alcorcon Diagonal"]
[WhiteTeamCountry "ESP"]
[BlackTeamCountry "ESP"]

1. c4 e5 2. g3 Nf6 3. Bg2 c6 4. Nf3 e4 5. Nd4 Qb6 6. Nc2 d5 7. O-O Bf5 8. d3
dxc4 9. Ne3 Be6 10. Nxc4 Bxc4 11. dxc4 Nbd7 12. Qc2 Bc5 13. Bxe4 Nxe4 14. Qxe4+
Kf8 15. Nc3 Re8 16. Qf5 Ne5 17. Bf4 Bd4 18. Rad1 Qc5 19. Bxe5 Bxe5 20. Rd7 Qxc4
21. Nd5 f6 22. Qh5 Qxd5 23. Rxd5 cxd5 24. Rd1 Rd8 25. f4 Bxb2 26. Rxd5 Ke7 27.
Qf5 Bd4+ 28. Kg2 Bb6 29. a4 g6 30. Qe4+ Kf7 31. a5 Bc7 32. Rxd8 Rxd8 33. Qc4+
1-0

[Event "Madrid-chT 2223"]
[Site "Madrid"]
[Date "2022.12.11"]
[Round "3.6"]
[White "Castejon Caballero, Andres"]
[Black "Candela Martin, Alvaro"]
[Result "0-1"]
[WhiteElo "2027"]
[BlackElo "1917"]
[PlyCount "84"]
[EventDate "2022.11.20"]
[EventType "team-tourn"]
[EventRounds "14"]
[EventCountry "ESP"]
[SourceTitle "Ajedrez en Madrid"]
[Source "lmi"]
[SourceDate "2022.11.21"]
[SourceVersion "1"]
[SourceVersionDate "2023.03.23"]
[SourceQuality "1"]
[WhiteTeam "Alcorcon Diagonal"]
[BlackTeam "Alcala de Henares"]
[WhiteTeamCountry "ESP"]
[BlackTeamCountry "ESP"]

1. e4 e5 2. Nf3 Nc6 3. d4 exd4 4. Bc4 Bc5 5. Ng5 Nh6 6. Nxf7 Nxf7 7. Bxf7+ Kxf7
8. Qh5+ g6 9. Qxc5 d6 10. Qb5 Qe8 11. Nd2 b6 12. O-O Kg7 13. h4 Bb7 14. h5 a5
15. Nf3 Qxe4 16. Ng5 Qxg2+ 17. Kxg2 Na7+ 18. Kg3 Nxb5 19. a4 h6 20. Ne6+ Kf6
21. Nf4 Na7 22. Nxg6 Rag8 23. Ra3 Be4 24. Re1 Bxg6 25. hxg6 Rxg6+ 26. Kh4 Kf7
27. Re4 Nc6 28. Rf3+ Rf6 29. Rxf6+ Kxf6 30. c3 Kf5 31. Rf4+ Ke5 32. Rf7 Rc8 33.
Bxh6 Ke6 34. Rh7 d3 35. Kg3 Ne5 36. f4 d2 37. f5+ Kxf5 38. Bxd2 Ke4 39. Rh4+
Kd3 40. Rd4+ Kc2 41. b4 Nc6 42. Rd5 Ne7 0-1